Cómo se participa en una reunión / (Record no. 46817)

MARC details
000 -LEADER
campo de control de longitud fija 00530nam a2200181 i 4500
001 - NÚMERO DE CONTROL
campo de control 46817
003 - IDENTIFICADOR DE NÚMERO DE CONTROL
campo de control ES-MaACL
005 - FECHA Y HORA DE LA ÚLTIMA TRANSACCIÓN
campo de control 20230906161442.0
007 - CAMPO FIJO DE DESCRIPCIÓN FÍSICA--INFORMACIÓN GENERAL
campo de control de longitud fija t|
008 - DATOS DE LONGITUD FIJA--INFORMACIÓN GENERAL
campo de control de longitud fija 030401s1968 sp ||||1| spa d
100 1# - ENTRADA PRINCIPAL--NOMBRE DE PERSONA
Nombre de persona Conquet, André.
9 (RLIN) 40213
245 10 - MENCIÓN DEL TÍTULO
Título Cómo se participa en una reunión /
Mención de responsabilidad, etc. André Conquet ; versión castellana de Roberto Coll.
250 ## - MENCION DE EDICION
Mención de edición 1ª ed.
260 ## - PUBLICACIÓN, DISTRIBUCIÓN, ETC.
Lugar de publicación, distribución, etc. Barcelona :
Nombre del editor, distribuidor, etc. Nova Terra,
Fecha de publicación, distribución, etc. [1968]
300 ## - DESCRIPCIÓN FÍSICA
Extensión 63 p. ;
Dimensiones 21 cm.
700 1# - ENTRADA AGREGADA--NOMBRE PERSONAL
Nombre de persona Coll, Roberto.
9 (RLIN) 39620
852 ## - LOCALIZACIÓN
Ubicación ES-MaACL
Número de control de estantería C-48370
Sublocalización o colección R.66884
Holdings
Estatus retirado Estado de pérdida Estado de daño No para préstamo Biblioteca de origen Biblioteca actual Ubicación en estantería Fecha de adquisición Fuente de adquisición Total de préstamos Signatura topográfica completa Código de barras Visto por última vez Precio de reemplazo Tipo de ítem Koha
        Biblioteca del Ateneo de Madrid Biblioteca del Ateneo de Madrid Depósito 2 17/01/2008     C-48370 1049240 23/02/2023 23/02/2023 Libro impreso